|
|
|
|
| LEADER |
00000nam a2200000 a 4500 |
| 001 |
vtls001419302 |
| 003 |
SK-MaSNL |
| 005 |
20260301012745.0 |
| 008 |
240315s2001 xo r slo |
| 015 |
|
|
|a SNBA2001/11-03848
|
| 020 |
|
|
|a 802231479X
|
| 035 |
|
|
|a SNK000374116
|
| 035 |
|
|
|a urn:nbn:sk:snk-amkna9
|
| 035 |
|
|
|a urn:nbn:sk:snk-am008dpe
|
| 035 |
|
|
|a 6AF9D37E-0497-4133-B66C-2A8111984692
|
| 040 |
|
|
|a SNK
|b slo
|c SNK
|e AACR2
|
| 041 |
0 |
|
|a slo
|
| 044 |
|
|
|a xo
|c SK
|
| 080 |
|
|
|a 611(038)=71=854
|2 1981
|
| 080 |
|
|
|a 807.1-316.4:611
|2 1981
|
| 100 |
1 |
|
|a Bínovský, Alexander,
|d 1944-
|4 aut
|9 203744
|
| 245 |
1 |
0 |
|a Malý slovník anatomického názvoslovia
|c Alexander Binovský
|
| 260 |
|
|
|a Bratislava
|b Univerzita Komenského
|c 2001
|
| 300 |
|
|
|a 238 s.
|c 21 cm
|
| 500 |
|
|
|a 600 výt.
|
| 650 |
0 |
7 |
|a názvoslovie anatomické
|x slovníky terminologické
|2 SNK
|9 298317
|
| 650 |
0 |
7 |
|a slovníky terminologické
|x názvoslovie anatomické
|2 SNK
|9 298318
|
| 655 |
|
7 |
|a slovníky
|2 SNK
|9 70413
|
| 919 |
|
|
|a 80-223-1479-X
|
| 999 |
|
|
|c 554306
|d 556236
|
| 952 |
|
|
|t P60, <03>, [BOOK], {603}
|a SNK
|b SNK
|y PREZ
|7 0
|p 17A0312850
|o snkSC 105845
|i snkKSP 10344/2001
|0 0
|1 0
|4 0
|d 2001-09-04
|f 1
|l 0
|r 2025-09-26 00:00:00
|w 2026-02-23
|
| 952 |
|
|
|t P60, <04>, [BOOK], {604}
|a SNK
|b SNK
|y VYP
|7 0
|p 17A0312851
|o snkSC 105845 D1
|i snkKSP 10345/2001
|0 0
|1 0
|4 0
|d 2001-09-04
|l 0
|r 2005-01-02 00:00:00
|w 2026-02-23
|